Mapping of faunal diversity in southern western ghats (Record no. 5563)

MARC details
000 -LEADER
fixed length control field 00542nam a22001817a 4500
003 - CONTROL NUMBER IDENTIFIER
control field OSt
005 - DATE AND TIME OF LATEST TRANSACTION
control field 20220107122824.0
008 - FIXED-LENGTH DATA ELEMENTS--GENERAL INFORMATION
fixed length control field 170324b xxu||||| |||| 00| 0 eng d
040 ## - CATALOGING SOURCE
Transcribing agency IIITMK
100 ## - MAIN ENTRY--PERSONAL NAME
Personal name Chithra Mathews
9 (RLIN) 11493
245 ## - TITLE STATEMENT
Title Mapping of faunal diversity in southern western ghats
300 ## - PHYSICAL DESCRIPTION
Extent MPhil EI - Main
502 ## - DISSERTATION NOTE
Degree type MPHIL EI
Name of granting institution 2015-16
Year degree granted INT
-- Dr. R. Jaishanker
-- Dr. T. V. Ramachandra<br/>IISc , Bangalore
650 ## - SUBJECT ADDED ENTRY--TOPICAL TERM
Topical term or geographic name entry element ECOLOGY
9 (RLIN) 11494
650 ## - SUBJECT ADDED ENTRY--TOPICAL TERM
Topical term or geographic name entry element WESTERN GHATS
9 (RLIN) 11495
650 ## - SUBJECT ADDED ENTRY--TOPICAL TERM
Topical term or geographic name entry element NDVI ANALYSIS
9 (RLIN) 11496
942 ## - ADDED ENTRY ELEMENTS (KOHA)
Source of classification or shelving scheme Dewey Decimal Classification
Koha item type
Holdings
Withdrawn status Lost status Source of classification or shelving scheme Damaged status Not for loan Home library Current library Date acquired Total Checkouts Barcode Date last seen Price effective from Koha item type
    Dewey Decimal Classification     IIITM-K Kerala University of Digital Sciences, Innovation and Technology Knowledge Centre 24/03/2017   R-1194 24/03/2017 24/03/2017 Project Reports